[Event "Vellmar Int.6th op A"]
[Site "Kassel"]
[Date "2014.08.01"]
[Round "3.20"]
[White "Pabst, Olaf"]
[Black "Lechnauer, Uwe"]
[Result "0-1"]
[WhiteElo "1674"]
[BlackElo "1847"]
[PlyCount "134"]
[EventDate "2014.07.31"]
[EventType "swiss"]
[EventRounds "7"]
[EventCountry "GER"]

1. e4 e5 2. Nf3 Nc6 3. Bc4 Nd4 4. c3 Nxf3+ 5. Qxf3 Qf6 6. Qxf6 Nxf6 7. d3 Bc5
8. O-O d6 9. b4 Bb6 10. a4 a6 11. a5 Ba7 12. h3 O-O 13. Be3 Nh5 14. Nd2 Nf4 15.
Bxa7 Rxa7 16. Nf3 Be6 17. Rfe1 c6 18. Ng5 Raa8 19. Nxe6 fxe6 20. d4 d5 21. Bf1
exd4 22. cxd4 Rf6 23. g3 Ng6 24. e5 Rf7 25. Bg2 Raf8 26. f4 Ne7 27. Rad1 Nf5
28. Kh2 h5 29. h4 g6 30. Bh3 Kg7 31. Bxf5 gxf5 32. Rc1 Rc7 33. Rc5 Kf7 34. Rec1
Rfc8 35. Kg2 Ke7 36. Ra1 Kd7 37. Ra4 Rg8 38. Rc3 Rcc8 39. Ra1 Rg4 40. Rac1 Rb8
41. R1c2 Kc7 42. Kf2 Rbg8 43. Rc1 Kb8 44. R1c2 Ka7 45. Rc1 R8g7 46. R1c2 Rc7
47. Rc5 Rg8 48. Ra2 Rb8 49. Ra4 b6 50. axb6+ Rxb6 51. Rc2 Kb7 52. Ke2 Rc8 53.
Kd2 Ra8 54. Rc5 Rb5 55. Rc3 Kb6 56. Rca3 Ra7 57. Kc2 a5 58. bxa5+ Raxa5 59.
Rxa5 Rxa5 60. Rb3+ Rb5 61. Rc3 c5 62. dxc5+ Rxc5 63. Kd3 Rxc3+ 64. Kxc3 Kc5 65.
Kd3 d4 66. Ke2 Kc4 67. Kd2 d3 0-1

[Event "Vellmar Int.6th op A"]
[Site "Kassel"]
[Date "2014.08.02"]
[Round "4.1"]
[White "Vogel, Roven"]
[Black "Plueg, Andreas"]
[Result "1-0"]
[WhiteElo "2257"]
[BlackElo "2305"]
[PlyCount "57"]
[EventDate "2014.07.31"]
[EventType "swiss"]
[EventRounds "7"]
[EventCountry "GER"]

1. d4 Nf6 2. Nf3 b6 3. c4 e6 4. g3 Bb7 5. Bg2 Bb4+ 6. Bd2 Be7 7. O-O O-O 8. Nc3
Ne4 9. d5 Nxd2 10. Nxd2 Qc8 11. e3 e5 12. f4 d6 13. f5 Nd7 14. Nce4 Qd8 15. a4
a5 16. h4 Rc8 17. b3 c6 18. dxc6 Bxc6 19. Nc3 Bxg2 20. Kxg2 e4 21. Ndxe4 Bf6
22. Qxd6 Be5 23. Qd3 Nc5 24. Nxc5 bxc5 25. Rad1 Qb6 26. Nd5 Qd6 27. f6 Qc6 28.
Qe4 Bxf6 29. Rxf6 1-0

[Event "Vellmar Int.6th op A"]
[Site "Kassel"]
[Date "2014.08.02"]
[Round "4.2"]
[White "Klek, Hanna Marie"]
[Black "Schneider, Ilja"]
[Result "1/2-1/2"]
[WhiteElo "2232"]
[BlackElo "2488"]
[PlyCount "90"]
[EventDate "2014.07.31"]
[EventType "swiss"]
[EventRounds "7"]
[EventCountry "GER"]

1. e4 c6 2. Nc3 d5 3. Nf3 Nf6 4. e5 Ne4 5. Ne2 Qb6 6. d4 Nd7 7. c3 e6 8. Nfg1
f6 9. f3 Ng5 10. exf6 gxf6 11. f4 Nf7 12. Nf3 Bd6 13. Ng3 Qc7 14. Nh5 b6 15.
Ng7+ Ke7 16. Nxe6 Kxe6 17. Qe2+ Nde5 18. fxe5 fxe5 19. dxe5 Nxe5 20. Bf4 Kf6
21. Bg5+ Kg7 22. O-O-O Rf8 23. Nxe5 Bxe5 24. Qh5 Bf5 25. Bd3 Kg8 26. Bxf5 Rxf5
27. Qg4 Qf7 28. Bf6+ Qg6 29. Qxg6+ hxg6 30. Bxe5 Rxe5 31. Rhf1 Kg7 32. Rf2 Rh8
33. h3 Rhe8 34. Kd2 Re3 35. Rdf1 Rg3 36. Re1 Re4 37. Ree2 a5 38. a3 c5 39. Ke1
a4 40. Kf1 Rd3 41. Rxe4 dxe4 42. Ke2 Rg3 43. Kf1 Rd3 44. Ke2 Rg3 45. Kf1 Rd3
1/2-1/2

[Event "Vellmar Int.6th op A"]
[Site "Kassel"]
[Date "2014.08.02"]
[Round "4.3"]
[White "Hilverda, Alexander"]
[Black "Tschoepe, Nino"]
[Result "1/2-1/2"]
[WhiteElo "2301"]
[BlackElo "1897"]
[PlyCount "96"]
[EventDate "2014.07.31"]
[EventType "swiss"]
[EventRounds "7"]
[EventCountry "GER"]

1. d4 Nf6 2. c4 e6 3. Nf3 Nc6 4. g3 d5 5. Bg2 dxc4 6. O-O Rb8 7. Re1 Bb4 8. Nc3
O-O 9. e4 b5 10. Qc2 Nxd4 11. Nxd4 Qxd4 12. e5 Nd5 13. Re4 Bxc3 14. Rxd4 Bxd4
15. Qe2 Ne7 16. Bg5 Ng6 17. Be3 c5 18. h4 Bb7 19. h5 Bxe3 20. Qxe3 Ne7 21. Qxc5
Bxg2 22. Kxg2 Rb7 23. Rd1 Nd5 24. a3 Rfb8 25. Kh3 Rc7 26. Qd4 a5 27. Rc1 c3 28.
bxc3 Rbc8 29. a4 Rc4 30. Qa7 bxa4 31. Rb1 h6 32. Qxa5 Nxc3 33. Rb7 Nd5 34. Ra7
R4c7 35. Ra6 Nc3 36. Qb4 Rc4 37. Qd6 Ne4 38. Qd7 R4c7 39. Qd4 Rc4 40. Qd7 Nxf2+
41. Kg2 Ne4 42. Rxa4 Rc2+ 43. Kf3 Ng5+ 44. Kf4 R8c4+ 45. Rxc4 Rxc4+ 46. Ke3
Re4+ 47. Kf2 Rxe5 48. g4 Rd5 1/2-1/2

[Event "Vellmar Int.6th op A"]
[Site "Kassel"]
[Date "2014.08.02"]
[Round "4.4"]
[White "Kearns, Christopher"]
[Black "Langheinrich, Ferenc"]
[Result "0-1"]
[WhiteElo "2168"]
[BlackElo "2444"]
[PlyCount "112"]
[EventDate "2014.07.31"]
[EventType "swiss"]
[EventRounds "7"]
[EventCountry "GER"]

1. e4 d5 2. exd5 Qxd5 3. Nf3 Nf6 4. Be2 g6 5. O-O Bg7 6. d4 O-O 7. c4 Qd8 8.
Nc3 c6 9. Bf4 Bf5 10. Qb3 Qb6 11. Qa3 Re8 12. Rfe1 Nbd7 13. Rad1 a5 14. h3 Bf8
15. Ne5 e6 16. c5 Nxc5 17. dxc5 Bxc5 18. Na4 Bxf2+ 19. Kh2 Qb4 20. Qxb4 axb4
21. Rf1 Ba7 22. b3 Nd5 23. Bg3 f6 24. Ng4 Kg7 25. Bf2 Bxf2 26. Nxf2 b5 27. g4
Bc2 28. Rd2 bxa4 29. Rxc2 axb3 30. axb3 Ne3 31. Rxc6 Nxf1+ 32. Bxf1 Rac8 33.
Rb6 Rc2 34. Kg1 Ra8 35. Rxb4 Ra1 36. Rf4 e5 37. Rf3 Rcc1 38. Ne4 Re1 39. Nxf6
e4 40. Rf4 e3 41. Ne8+ Kg8 42. Nf6+ Kh8 43. Kg2 e2 44. Bxe2 Rxe2+ 45. Rf2 Rxf2+
46. Kxf2 Ra3 47. g5 Rxb3 48. Kg2 Rb5 49. h4 Rf5 50. Kg3 Kg7 51. Ng4 Kf8 52. Ne3
Ra5 53. Ng4 Ra3+ 54. Kg2 Ke7 55. Nf6 Ke6 56. Ng4 Kf5 0-1

[Event "Vellmar Int.6th op A"]
[Site "Kassel"]
[Date "2014.08.02"]
[Round "4.5"]
[White "Schnegelsberg, Karl Heinz"]
[Black "Zuehlke, Burkhard"]
[Result "0-1"]
[WhiteElo "2007"]
[BlackElo "2074"]
[PlyCount "80"]
[EventDate "2014.07.31"]
[EventType "swiss"]
[EventRounds "7"]
[EventCountry "GER"]

1. Nf3 d6 2. g3 Nf6 3. Bg2 g6 4. O-O Bg7 5. d3 O-O 6. e4 e5 7. Nbd2 c6 8. a4
Re8 9. Re1 Qc7 10. Nc4 Nbd7 11. a5 d5 12. exd5 cxd5 13. Ne3 b6 14. axb6 Nxb6
15. Nd2 Be6 16. c4 Rac8 17. b3 e4 18. d4 dxc4 19. bxc4 Nxc4 20. Ndxc4 Bxc4 21.
Nxc4 Qxc4 22. Rxa7 Nd5 23. Ra4 Qc6 24. Bd2 f5 25. Qb3 Kh8 26. Ra5 Rcd8 27. Rc1
Qd7 28. Rcc5 Nf6 29. d5 Re5 30. Bc3 Rxd5 31. Rxd5 Nxd5 32. Bxg7+ Kxg7 33. Bf1
Nf6 34. Qa3 Qd4 35. Ra4 Qd6 36. Qc3 Rd7 37. Ra6 Qd4 38. Qc8 Ng4 39. Qc2 e3 40.
f3 e2+ 0-1

[Event "Vellmar Int.6th op A"]
[Site "Kassel"]
[Date "2014.08.02"]
[Round "4.6"]
[White "Kolthoff, Siegmund"]
[Black "Schlachowitsch, Markus"]
[Result "1-0"]
[WhiteElo "2064"]
[BlackElo "2007"]
[PlyCount "44"]
[EventDate "2014.07.31"]
[EventType "swiss"]
[EventRounds "7"]
[EventCountry "GER"]

1. Nf3 g6 2. d4 f5 3. g3 Bg7 4. Bg2 Nf6 5. c4 d6 6. Nc3 O-O 7. O-O c6 8. b3 Qe8
9. Bb2 e5 10. dxe5 dxe5 11. e4 h6 12. Qd6 Nbd7 13. exf5 gxf5 14. Rae1 e4 15.
Bh3 Qh5 16. Nh4 Nb6 17. Ne2 Ne8 18. Qd2 Be6 19. Nf4 Qg5 20. Rd1 Bc8 21. Ba3 Rf7
22. Qa5 Be5 1-0

[Event "Vellmar Int.6th op A"]
[Site "Kassel"]
[Date "2014.08.02"]
[Round "4.7"]
[White "Ziegenfuss, Holger"]
[Black "Hylkema, Remco"]
[Result "1/2-1/2"]
[WhiteElo "2028"]
[BlackElo "1998"]
[PlyCount "65"]
[EventDate "2014.07.31"]
[EventType "swiss"]
[EventRounds "7"]
[EventCountry "GER"]

1. e4 c5 2. Nc3 e6 3. f4 a6 4. Nf3 d5 5. g3 dxe4 6. Nxe4 Be7 7. Bg2 Nf6 8. Nf2
O-O 9. O-O Qc7 10. b3 Rd8 11. Ne5 Nd5 12. Qh5 g6 13. Qe2 Bf6 14. Bb2 Bg7 15.
Rae1 Ra7 16. Nfd3 b6 17. g4 f6 18. c4 Ne7 19. Nf3 Qd6 20. g5 Qxd3 21. gxf6 Qxe2
22. Rxe2 Nf5 23. fxg7 Nc6 24. Ne5 Nxe5 25. Rxe5 Rxg7 26. Bh3 Re7 27. Rf2 Kf7
28. Bg4 Bb7 29. h4 a5 30. h5 Kf6 31. h6 Rd6 32. Kf1 Kf7 33. Kg1 1/2-1/2

[Event "Vellmar Int.6th op A"]
[Site "Kassel"]
[Date "2014.08.02"]
[Round "4.8"]
[White "Berresheim, Helmut"]
[Black "Bleecke, Sebastian"]
[Result "1-0"]
[WhiteElo "2116"]
[BlackElo "1873"]
[PlyCount "77"]
[EventDate "2014.07.31"]
[EventType "swiss"]
[EventRounds "7"]
[EventCountry "GER"]

1. d4 Nf6 2. c4 g6 3. Nc3 Bg7 4. e4 d6 5. Nf3 O-O 6. Be2 Na6 7. O-O e5 8. Be3
Ng4 9. Bg5 Qe8 10. d5 h6 11. Bd2 f5 12. Ne1 Nf6 13. f3 f4 14. Nd3 g5 15. g4
fxg3 16. hxg3 Qg6 17. Nf2 h5 18. g4 Kf7 19. Kg2 Ke7 20. Be3 hxg4 21. fxg4 Nc5
22. Bf3 a5 23. Bxc5 dxc5 24. Nd3 Nd7 25. Be2 Rf4 26. Bf3 Nb6 27. b3 Nd7 28. Qe2
b6 29. Nb5 Kd8 30. Rad1 Rf6 31. Nc3 Ba6 32. Rde1 Ke7 33. Nd1 a4 34. Ne3 Rh8 35.
Nf5+ Rxf5 36. exf5 Qd6 37. Rh1 Rh4 38. Rxh4 gxh4 39. g5 1-0

[Event "Vellmar Int.6th op A"]
[Site "Kassel"]
[Date "2014.08.02"]
[Round "4.10"]
[White "Prieto, Marcelo"]
[Black "Doescher, Thorsten"]
[Result "1-0"]
[WhiteElo "2010"]
[BlackElo "2038"]
[PlyCount "85"]
[EventDate "2014.07.31"]
[EventType "swiss"]
[EventRounds "7"]
[EventCountry "GER"]

1. d4 d5 2. c4 e6 3. Nc3 Nf6 4. Bg5 Be7 5. e3 O-O 6. Nf3 Nbd7 7. Rc1 a6 8. c5
c6 9. Bd3 Re8 10. h3 b6 11. cxb6 Qxb6 12. Qc2 h6 13. Bf4 Bb7 14. O-O Qa7 15.
Na4 Rac8 16. Qb1 c5 17. dxc5 Bc6 18. Nb6 Nxb6 19. cxb6 Qxb6 20. Ne5 Bb5 21.
Rfd1 Bxd3 22. Nxd3 Ne4 23. Rc2 f6 24. Rdc1 Rc4 25. b3 Rxc2 26. Qxc2 e5 27. Bh2
d4 28. Nxe5 fxe5 29. Qxe4 Bf6 30. Bg3 Rd8 31. exd4 exd4 32. Bc7 Qb5 33. Qe6+
Kh7 34. Bxd8 Bxd8 35. Rc8 Qg5 36. Qe4+ g6 37. Qb7+ Be7 38. Rc7 Kg8 39. Rxe7
Qc1+ 40. Kh2 Qf4+ 41. g3 Qxf2+ 42. Qg2 Qf8 43. Qd5+ 1-0

[Event "Vellmar Int.6th op A"]
[Site "Kassel"]
[Date "2014.08.02"]
[Round "4.11"]
[White "Werner, Martin"]
[Black "Hartge, Gedeon"]
[Result "1-0"]
[WhiteElo "1978"]
[BlackElo "1818"]
[PlyCount "57"]
[EventDate "2014.07.31"]
[EventType "swiss"]
[EventRounds "7"]
[EventCountry "GER"]

1. d4 Nf6 2. Bg5 Ne4 3. Bf4 d5 4. f3 Nf6 5. e4 dxe4 6. Nc3 exf3 7. Nxf3 e6 8.
Bd3 Be7 9. Qe2 Nbd7 10. O-O-O c6 11. Ne5 Nb6 12. Rhf1 O-O 13. Ne4 Nbd5 14. Bd2
Re8 15. c4 Nxe4 16. Nxf7 Qc7 17. Bxe4 Nf6 18. Ne5 c5 19. Rxf6 Bxf6 20. Bxh7+
Kxh7 21. Qh5+ Kg8 22. Qxe8+ Kh7 23. Qh5+ Kg8 24. Qe8+ Kh7 25. Rf1 Qe7 26. Qh5+
Kg8 27. Ng6 Qd8 28. Qh8+ Kf7 29. Qxd8 1-0

[Event "Vellmar Int.6th op A"]
[Site "Kassel"]
[Date "2014.08.02"]
[Round "4.12"]
[White "Kretzschmar, Arnd"]
[Black "Heinelt, Manfred"]
[Result "0-1"]
[WhiteElo "1860"]
[BlackElo "2201"]
[PlyCount "74"]
[EventDate "2014.07.31"]
[EventType "swiss"]
[EventRounds "7"]
[EventCountry "GER"]

1. d4 Nf6 2. c4 c5 3. d5 e6 4. Nc3 exd5 5. cxd5 d6 6. Nf3 g6 7. Nd2 Bg7 8. Nc4
O-O 9. Bf4 Ne8 10. Qd2 a6 11. a4 b6 12. g3 f5 13. Bg2 Qc7 14. O-O Nd7 15. e4
Rb8 16. exf5 gxf5 17. Rfe1 Ndf6 18. Qe2 Bd7 19. a5 bxa5 20. Nxa5 Ne4 21. Nxe4
fxe4 22. Reb1 Nf6 23. Nc4 Bb5 24. Qc2 Bxc4 25. Qxc4 a5 26. Qa6 Rfd8 27. Qxa5
Qxa5 28. Rxa5 Nxd5 29. Bg5 Re8 30. Rd1 Nb6 31. Rxd6 Nc4 32. Rda6 Nxa5 33. Rxa5
Bd4 34. Be3 Rxb2 35. Ra4 Rb1+ 36. Bf1 Bxe3 37. fxe3 Rf8 0-1

[Event "Vellmar Int.6th op A"]
[Site "Kassel"]
[Date "2014.08.02"]
[Round "4.13"]
[White "Becker, Robin"]
[Black "Van Veenendaal, Elmer"]
[Result "1-0"]
[WhiteElo "1897"]
[BlackElo "2117"]
[PlyCount "65"]
[EventDate "2014.07.31"]
[EventType "swiss"]
[EventRounds "7"]
[EventCountry "GER"]

1. e4 c6 2. d4 d5 3. e5 Bf5 4. Nf3 e6 5. Be2 Nd7 6. O-O h6 7. Nbd2 Ne7 8. Nb3
Nc8 9. a4 Be7 10. a5 O-O 11. Ne1 c5 12. c3 a6 13. g4 Bh7 14. f4 Na7 15. f5 Bg5
16. Ng2 c4 17. Bxg5 Qxg5 18. h4 Qd8 19. Nc1 Nc6 20. Qd2 Nxa5 21. Qf4 Qc7 22.
Bd1 Nc6 23. Ne2 Qb6 24. Ne3 Ne7 25. Ra2 f6 26. Ng3 fxe5 27. dxe5 Nc5 28. Bc2
Ng6 29. Qd4 Nxh4 30. Kh2 Nd7 31. Qxb6 Nxb6 32. Kh3 g5 33. Raa1 {Notation nicht
vollständig.} 1-0

[Event "Vellmar Int.6th op A"]
[Site "Kassel"]
[Date "2014.08.02"]
[Round "4.14"]
[White "Kanbach, Mike"]
[Black "Humburg, Philipp"]
[Result "0-1"]
[WhiteElo "1859"]
[BlackElo "2087"]
[PlyCount "114"]
[EventDate "2014.07.31"]
[EventType "swiss"]
[EventRounds "7"]
[EventCountry "GER"]

1. d4 Nf6 2. Nf3 g6 3. Nbd2 Bg7 4. e4 d6 5. Bd3 O-O 6. O-O Nc6 7. c3 e5 8. dxe5
dxe5 9. Nc4 Qe7 10. Bg5 Rd8 11. Qe2 h6 12. Bxf6 Qxf6 13. Ne3 Be6 14. Bc4 Ne7
15. Rfd1 c6 16. Rd2 b5 17. Bxe6 Qxe6 18. b3 a5 19. Rad1 Rxd2 20. Qxd2 a4 21. b4
Rc8 22. Qd7 Qxd7 23. Rxd7 Kf8 24. c4 f5 25. exf5 gxf5 26. Kf1 Ke8 27. Rxe7+
Kxe7 28. Nxf5+ Kf6 29. Nxg7 Kxg7 30. Nxe5 Kf6 31. Nd7+ Ke7 32. Ne5 Ke6 33. f4
Kf5 34. g3 Ke4 35. Ke2 Kd4 36. c5 Kc3 37. a3 Kb3 38. Kd2 Rd8+ 39. Nd3 Kxa3 40.
Kc3 Rxd3+ 41. Kxd3 Kxb4 42. Kc2 Kxc5 43. g4 b4 44. g5 hxg5 45. fxg5 Kd5 46. h4
Ke5 47. h5 Kf5 48. g6 Kf6 49. Kb2 c5 50. Kc2 c4 51. Kb2 a3+ 52. Ka2 Kg7 53. Ka1
b3 54. Kb1 c3 55. Ka1 c2 56. h6+ Kxg6 57. h7 c1=R# 0-1

[Event "Vellmar Int.6th op A"]
[Site "Kassel"]
[Date "2014.08.02"]
[Round "4.15"]
[White "Lechnauer, Uwe"]
[Black "Braun, Ingram"]
[Result "0-1"]
[WhiteElo "1847"]
[BlackElo "2012"]
[PlyCount "82"]
[EventDate "2014.07.31"]
[EventType "swiss"]
[EventRounds "7"]
[EventCountry "GER"]

1. e4 c5 2. Nc3 e6 3. Bc4 Nc6 4. f4 Nge7 5. d3 d5 6. Bb3 g6 7. Nf3 Bg7 8. O-O
O-O 9. a3 Nd4 10. Qe1 c4 11. Ba4 b5 12. Nxb5 Nxb5 13. Bxb5 Qb6+ 14. d4 Qxb5 15.
e5 Bd7 16. c3 Qb6 17. g4 f6 18. Qh4 Rae8 19. Re1 fxe5 20. Nxe5 Bxe5 21. fxe5
Rf7 22. Bg5 Nc6 23. Bf6 Qxb2 24. Qg3 Rb8 25. h4 Rb3 26. h5 Qxc3 27. Qxc3 Rxc3
28. hxg6 hxg6 29. Kf2 Rh7 30. Rh1 Rch3 31. Rxh3 Rxh3 32. Kg2 Rh7 33. Rb1 Bc8
34. Kg3 Kf7 35. Kf4 Rh3 36. a4 c3 37. Kg5 c2 38. Rg1 Nxd4 39. Rc1 Ba6 40. Bd8
Bd3 41. a5 Nb3 0-1

[Event "Vellmar Int.6th op A"]
[Site "Kassel"]
[Date "2014.08.02"]
[Round "4.17"]
[White "Weber, Andreas"]
[Black "Fichte, Wolfgang"]
[Result "1-0"]
[WhiteElo "1835"]
[BlackElo "1959"]
[PlyCount "65"]
[EventDate "2014.07.31"]
[EventType "swiss"]
[EventRounds "7"]
[EventCountry "GER"]

1. d4 d5 2. e4 e6 3. Nc3 Bb4 4. e5 Ne7 5. Bd2 a6 6. a3 Bxc3 7. Bxc3 Nd7 8. Qg4
Ng6 9. h4 f5 10. Qg3 O-O 11. h5 Nh8 12. O-O-O c5 13. Nh3 Nf7 14. Kb1 b5 15. Nf4
Re8 16. Nh3 Rb8 17. dxc5 Nxc5 18. Bd3 d4 19. Bxf5 Qc7 20. Bxh7+ Kxh7 21. Rxd4
Bb7 22. Re1 Rbd8 23. Qg6+ Kh8 24. Rg4 Rg8 25. g3 Bc6 26. Rh4 Be8 27. h6 gxh6
28. Rxh6+ Nxh6 29. Qxh6+ Qh7 30. Qf6+ Rg7 31. Qxd8 Qxh3 32. Qxe8+ Rg8 33. Qc6
1-0

[Event "Vellmar Int.6th op A"]
[Site "Kassel"]
[Date "2014.08.02"]
[Round "4.18"]
[White "Miethe, Christoph"]
[Black "Masius, Patrick"]
[Result "1/2-1/2"]
[WhiteElo "1874"]
[BlackElo "1804"]
[PlyCount "44"]
[EventDate "2014.07.31"]
[EventType "swiss"]
[EventRounds "7"]
[EventCountry "GER"]

1. e4 Nf6 2. Nc3 d5 3. exd5 Nxd5 4. Nxd5 Qxd5 5. Nf3 e5 6. Qe2 Nc6 7. h3 Bc5 8.
d3 O-O 9. c3 Bf5 10. Be3 e4 11. dxe4 Bxe4 12. Rd1 Bxf3 13. Rxd5 Bxe2 14. Bxc5
Bxf1 15. Rxf1 Rad8 16. Rxd8 Rxd8 17. Ke2 b6 18. Be3 Rd7 19. Rd1 Re7 20. Kd2 f6
21. Kc2 Kf7 22. Kb3 a6 1/2-1/2

[Event "Vellmar Int.6th op A"]
[Site "Kassel"]
[Date "2014.08.02"]
[Round "4.19"]
[White "Tietze, Manfred"]
[Black "Herdzik, Matthias"]
[Result "1-0"]
[WhiteElo "1914"]
[BlackElo "1859"]
[PlyCount "91"]
[EventDate "2014.07.31"]
[EventType "swiss"]
[EventRounds "7"]
[EventCountry "GER"]

1. f4 d5 2. Nf3 Nf6 3. b3 c5 4. e3 Bg4 5. Bb2 Nc6 6. Bb5 Qb6 7. Bxc6+ Qxc6 8.
O-O e6 9. Qe1 Bxf3 10. Rxf3 Be7 11. d3 h5 12. Nd2 O-O-O 13. Rf1 Kb8 14. Nf3 Qe8
15. Qa5 Nd7 16. Ne5 f6 17. Nf3 h4 18. h3 Bd6 19. Qd2 Bc7 20. a4 e5 21. Rae1 e4
22. Nh2 Nf8 23. Rf2 Ng6 24. Nf1 Ne7 25. Qe2 Nf5 26. Qg4 Rh5 27. Kh1 Qf7 28. Bc1
Rdh8 29. dxe4 dxe4 30. Rd1 R8h6 31. Rfd2 Qg8 32. Rd7 Qh8 33. R1d5 g6 34. Qd1
Ng3+ 35. Kg1 Rxd5 36. Rxd5 Rh5 37. Rd7 Qg8 38. Bb2 Qf8 39. c4 Nf5 40. Qa1 Qe8
41. Rd5 Nxe3 42. Rxh5 Nxf1 43. Rxh4 Ng3 44. Bxf6 Ne2+ 45. Kf2 Nxf4 46. Rh8 1-0

[Event "Vellmar Int.6th op A"]
[Site "Kassel"]
[Date "2014.08.02"]
[Round "4.20"]
[White "Pabst, Olaf"]
[Black "Maar, Samuel"]
[Result "0-1"]
[WhiteElo "1674"]
[BlackElo "1775"]
[PlyCount "72"]
[EventDate "2014.07.31"]
[EventType "swiss"]
[EventRounds "7"]
[EventCountry "GER"]

1. e4 e5 2. Nf3 d6 3. Bc4 Be7 4. d3 Nf6 5. c3 O-O 6. h3 Nc6 7. O-O Na5 8. Bb3
Nc6 9. Re1 Re8 10. Nbd2 Bf8 11. Nf1 Be6 12. Bc2 Ne7 13. Ng3 c6 14. d4 Ng6 15.
Qd3 d5 16. dxe5 dxe4 17. Nxe4 Nxe4 18. Qxe4 Bd5 19. Qd3 Bxf3 20. Qxf3 Nxe5 21.
Qd1 Qf6 22. Be3 Rad8 23. Bd4 c5 24. Bxh7+ Kxh7 25. Qh5+ Kg8 26. Bxe5 Qb6 27. c4
Qb4 28. Qg4 Rd4 29. Re4 Rxe5 30. Rxe5 Rxg4 31. hxg4 Qxb2 32. Ree1 Qd4 33. Rad1
Qxc4 34. Rd2 Qxg4 35. Red1 c4 36. Rd8 c3 0-1

[Event "Vellmar Int.6th op A"]
[Site "Kassel"]
[Date "2014.08.02"]
[Round "5.1"]
[White "Schneider, Ilja"]
[Black "Vogel, Roven"]
[Result "1/2-1/2"]
[WhiteElo "2488"]
[BlackElo "2257"]
[PlyCount "39"]
[EventDate "2014.07.31"]
[EventType "swiss"]
[EventRounds "7"]
[EventCountry "GER"]

1. d4 Nf6 2. Bg5 Ne4 3. Bf4 d6 4. Nd2 Bf5 5. f3 Nxd2 6. Qxd2 Nd7 7. e4 Bg6 8.
h4 h6 9. h5 Bh7 10. O-O-O e5 11. dxe5 dxe5 12. Be3 Bd6 13. Qd5 O-O 14. Qxb7 Qe7
15. Ne2 Rab8 16. Qc6 Bc5 17. Bxc5 Nxc5 18. Rd5 Ne6 19. Rxe5 Rxb2 20. Kxb2
1/2-1/2

[Event "Vellmar Int.6th op A"]
[Site "Kassel"]
[Date "2014.08.02"]
[Round "5.2"]
[White "Langheinrich, Ferenc"]
[Black "Hilverda, Alexander"]
[Result "1-0"]
[WhiteElo "2444"]
[BlackElo "2301"]
[PlyCount "93"]
[EventDate "2014.07.31"]
[EventType "swiss"]
[EventRounds "7"]
[EventCountry "GER"]

1. Nf3 d5 2. g3 Nf6 3. Bg2 c6 4. O-O Bg4 5. d4 Nbd7 6. Nbd2 e6 7. Re1 Be7 8. e4
dxe4 9. Nxe4 Nxe4 10. Rxe4 Bf5 11. Re1 O-O 12. c3 Re8 13. a4 a5 14. Nd2 Bf8 15.
Qb3 Qb6 16. Qa2 Bd3 17. Nc4 Bxc4 18. Qxc4 Nf6 19. h4 Rac8 20. Qe2 Bd6 21. Bg5
Be7 22. Bf3 Nd5 23. Kg2 Qc7 24. Rad1 g6 25. c4 Nb6 26. d5 Bb4 27. d6 Bxd6 28.
h5 e5 29. hxg6 hxg6 30. Bg4 f5 31. Rh1 Bf8 32. Bxf5 gxf5 33. Qh5 Bg7 34. Qh7+
Kf8 35. Rh5 Qf7 36. Bh6 Re6 37. Be3 c5 38. Rxf5 Rf6 39. Rxe5 Rxf2+ 40. Bxf2
Bxe5 41. Qh6+ Kg8 42. Qxb6 Rf8 43. Rd2 Qf3+ 44. Kg1 Bd4 45. Bxd4 cxd4 46. Qg6+
Kh8 47. Rh2+ 1-0

[Event "Vellmar Int.6th op A"]
[Site "Kassel"]
[Date "2014.08.02"]
[Round "5.3"]
[White "Tschoepe, Nino"]
[Black "Klek, Hanna Marie"]
[Result "1/2-1/2"]
[WhiteElo "1897"]
[BlackElo "2232"]
[PlyCount "43"]
[EventDate "2014.07.31"]
[EventType "swiss"]
[EventRounds "7"]
[EventCountry "GER"]

1. d4 d5 2. c4 e6 3. Nc3 Be7 4. Nf3 Nf6 5. Bg5 h6 6. Bxf6 Bxf6 7. e3 O-O 8. Rc1
c6 9. h4 Nd7 10. g4 Re8 11. g5 hxg5 12. hxg5 Bxg5 13. Nxg5 Qxg5 14. f4 Qg3+ 15.
Kd2 Nf6 16. Be2 Ne4+ 17. Nxe4 dxe4 18. Qc2 c5 19. Rcg1 Qf2 20. Rf1 Qg2 21. Rfg1
Qf2 22. Rf1 1/2-1/2

[Event "Vellmar Int.6th op A"]
[Site "Kassel"]
[Date "2014.08.02"]
[Round "5.4"]
[White "Zuehlke, Burkhard"]
[Black "Kolthoff, Siegmund"]
[Result "1-0"]
[WhiteElo "2074"]
[BlackElo "2064"]
[PlyCount "50"]
[EventDate "2014.07.31"]
[EventType "swiss"]
[EventRounds "7"]
[EventCountry "GER"]

1. d4 Nf6 2. c4 g6 3. Nc3 d5 4. Nf3 Bg7 5. Bf4 O-O 6. Rc1 c5 7. dxc5 Qa5 8.
cxd5 Ne4 9. Be5 Bxe5 10. Nxe5 Nxc3 11. Rxc3 Qxa2 12. Qd2 Qb1+ 13. Rc1 Qe4 14.
Nc4 Rd8 15. Ne3 Nd7 16. f3 Qe5 17. Ng4 Qg7 18. e4 a5 19. Be2 b6 20. cxb6 Nxb6
21. Ne3 e6 22. d6 Qe5 23. Rc6 Rb8 24. Ng4 Qg7 25. Qg5 Bd7 1-0

[Event "Vellmar Int.6th op A"]
[Site "Kassel"]
[Date "2014.08.02"]
[Round "5.5"]
[White "Plueg, Andreas"]
[Black "Kearns, Christopher"]
[Result "1-0"]
[WhiteElo "2305"]
[BlackElo "2168"]
[PlyCount "110"]
[EventDate "2014.07.31"]
[EventType "swiss"]
[EventRounds "7"]
[EventCountry "GER"]

1. d4 Nf6 2. Nf3 e6 3. g3 b5 4. Bg2 Bb7 5. O-O c5 6. c3 Qb6 7. a4 b4 8. a5 Qd8
9. Bf4 cxd4 10. cxd4 Be7 11. Nbd2 O-O 12. Re1 d5 13. Nb3 Na6 14. Qd3 Rc8 15.
Ne5 Ne4 16. Rec1 f6 17. Nf3 Qd7 18. Nfd2 Nxd2 19. Bxd2 f5 20. Bf1 Rxc1 21. Rxc1
Rc8 22. Rxc8+ Qxc8 23. Bf4 Qc6 24. e3 Nc7 25. Bxc7 Qxc7 26. Qb5 Bc6 27. Qa6 Kf7
28. Nc5 Bxc5 29. dxc5 Be8 30. Bb5 Qxc5 31. Bxe8+ Kxe8 32. Qxe6+ Kf8 33. Qxf5+
Kg8 34. Qe5 h6 35. a6 Qc1+ 36. Kg2 Qc6 37. Qd4 Kh7 38. g4 Qxa6 39. Qxb4 Qa2 40.
h3 a5 41. Qa3 Qc4 42. Qe7 Qc6 43. Kg3 a4 44. Qe5 g5 45. h4 gxh4+ 46. Kxh4 Qb7
47. Kg3 Qb3 48. Kf4 Qb4+ 49. Kf5 Qc4 50. f3 Qc8+ 51. Kf6 Qf8+ 52. Ke6 Qg8+ 53.
Ke7 d4 54. Qe4+ Kg7 55. Qxd4+ Kg6 1-0

[Event "Vellmar Int.6th op A"]
[Site "Kassel"]
[Date "2014.08.02"]
[Round "5.6"]
[White "Prieto, Marcelo"]
[Black "Berresheim, Helmut"]
[Result "1/2-1/2"]
[WhiteElo "2010"]
[BlackElo "2116"]
[PlyCount "38"]
[EventDate "2014.07.31"]
[EventType "swiss"]
[EventRounds "7"]
[EventCountry "GER"]

1. d4 d5 2. c4 c6 3. Nf3 Nf6 4. Nc3 e6 5. Bg5 dxc4 6. e3 b5 7. Be2 Bb7 8. O-O
Nbd7 9. a4 a6 10. Ne5 Qc7 11. Bf4 Nxe5 12. Bxe5 Qb6 13. Bf3 Be7 14. Qc2 O-O 15.
b3 cxb3 16. Qxb3 Nd7 17. Bg3 c5 18. Bxb7 Qxb7 19. axb5 axb5 1/2-1/2

[Event "Vellmar Int.6th op A"]
[Site "Kassel"]
[Date "2014.08.02"]
[Round "5.7"]
[White "Hylkema, Remco"]
[Black "Stabernack, Joschi"]
[Result "0-1"]
[WhiteElo "1998"]
[BlackElo "2084"]
[PlyCount "82"]
[EventDate "2014.07.31"]
[EventType "swiss"]
[EventRounds "7"]
[EventCountry "GER"]

1. d4 Nf6 2. c4 g6 3. Nc3 Bg7 4. e4 d6 5. Nf3 O-O 6. Be2 e5 7. Be3 Ng4 8. Bg5
f6 9. Bh4 g5 10. Bg3 Nc6 11. d5 Ne7 12. h4 Ng6 13. Nd2 gxh4 14. Bxh4 Nxh4 15.
Rxh4 f5 16. Rh1 Qf6 17. Bxg4 fxg4 18. Qe2 a6 19. Qe3 Qf4 20. Nf1 Bd7 21. Ne2
Qf6 22. Neg3 Rf7 23. Nf5 Qg6 24. Nxg7 Kxg7 25. Ng3 Raf8 26. Rh5 Rf4 27. O-O-O
R8f7 28. Rdh1 Kf8 29. Qa7 Rxe4 30. Qb8+ Be8 31. Nxe4 Qxe4 32. f3 gxf3 33. gxf3
Qxc4+ 34. Kb1 Qd3+ 35. Ka1 Rxf3 36. Rb1 Qc2 37. Qd8 Qg6 38. Rh2 c5 39. a3 Qf6
40. Qb8 e4 41. Rxh7 Rxa3# 0-1